000 01083cab a2200385 4500
001 ABS60457
008 090401t1999 xxu||||| |||| 00| 0 eng d
035 _a(Sirsi) u92824
041 _aeng
245 _aRegional survey: Scotland
260 _c1999
350 _a0
490 _aProperty Week
_v64 (14) 9 April 1999, 37-76(19)
650 _aABERDEEN
650 _aBUSINESS PARKS
650 _aDUNDEE
650 _aEDINBURGH
650 _aENTERPRISE ZONES
650 _aGLASGOW
650 _aINDUSTRIAL ESTATES
650 _aINDUSTRIAL MARKET
650 _aINVERNESS
650 _aPROPERTY-COMMERCIAL PROPERTY-OFFICE PROPERTY-OFFICE PROPERTY MARKET
650 _aRENTS
650 _aPROPERTY-COMMERCIAL PROPERTY-RETAIL PROPERTY-RETAIL PROPERTY MARKET
650 _aSCOTLAND
650 _aSCOTTISH PARLIAMENT
650 _aSCOTTISH PLANNING LAW
650 _aSHOPPING CENTRES
650 _aSHOPPING MALLS
650 _aTRANSPORT LINKS
690 _aPROPERTY-COMMERCIAL PROPERTY-COMMERCIAL PROPERTY MARKET
942 _n0
948 _c19/04/1999
999 _c58832
_d58832